000 01268nam a2200361 a 4500
003 AR-BaBNM
005 20251128204928.0
008 082120s2002 ||||||||||||||000 | spa||
020 _a84-7133-630-8
040 _cAR-BaBNM
100 1 _aLorenzo Delgado, Manuel
245 0 0 _aEl liderazgo educativo en los centros docentes
_btécnicas de formación reflexiva y colaborativa
260 _aMadrid
_bLa Muralla
_c1994
300 _a127 p.
_btablas, gráfs., il.
490 0 _aAula abierta
500 _aAnexos
500 _aAnexo 1: reflexión sobre la práctica de la función directiva
500 _aAnexo 2: cuestionario sobre el liderazgo instructivo
500 _aAnexo 3: mapas conceptuales directivos del País Vasco
500 _aAnexo 4: cuestionariosobre el liderazgo instructivo en el País Vasco y Cataluña
500 _aAnexo 5: metáforas sobre la función directiva
504 _aBibliografía: p. 119-127
650 4 _aLIDERAZGO
650 4 _aORGANIZACION ESCOLAR
650 4 _aFORMACION DE ADMINISTRADORES
650 4 _aADMINISTRACION ESCOLAR
650 4 _aMETODOS DE EVALUACION
651 4 _aEspaña
653 _aEDUCACION GENERAL BASICA
800 1 _aCasanova, María Antonia
_edirector
942 _cBK
998 _csilvi
999 _c9373
_d9373